000 02710nam0a2200433 i 4500
001 RU\NLR\bibl\2045813
005 20260406104559.0
010 _a9785377067405
_915000
021 _aRU
_b2013-41414
_92859
035 _a(NLR Aleph) 002032985
090 _a4559492
_c4559492
100 _a20130621d2014 u y0rusy50 ca
101 0 _arus
_aeng
102 _aRU
105 _aa |||||||||
200 1 _aГрамматика английского языка
_eкнига для родителей
_eк учебнику М.З. Биболетовой и др. "Enjoy English. 3 класс" (Обнинск: Титул)
_e3 класс
_fЕ.А. Барашкова
205 _aИзд. 6-е, перераб. и доп.
210 _aМосква
_cЭкзамен
_d2014 (т.е. 2013)
215 _a126 с.
_cсхемы
_d20
225 1 _aУчебно-методический комплект
225 1 _aEnglish
_e3 класс
225 1 _aФГОС
225 1 _aУМК
225 1 _aNew
300 _aНа обл. 2-й подзаг.: к учебнику М.З. Биболетовой, О.А. Денисенко, Н.Н. Трубаневой "Enjoy English. 3 класс"
300 _aКн. фактически изд. в 2013 г.
320 _aПредм. указ.: с. 125-126
422 0 _12001#$aАнглийский язык$eанглийский с удовольствием (Enjoy English)$eучебник английского языка для 3 класса общеобразовательных учреждений$fМ.З. Биболетова, О.А. Денисенко, Н.Н. Трубанева
_1210##$aОбнинск$cТитул
_1700#1$3RU\NLR\auth\7753799$aБиболетова$bМ. З.$gМерем Забатовна$4070
_1701#1$3RU\NLR\auth\7753800$aДенисенко$bО. А.$gОльга Анатольевна$4070
_1701#1$3RU\NLR\auth\7725350$aТрубанева$bН. Н.$gНаталья Николаевна$4070
_tАнглийский язык
_aБиболетова, Мерем Забатовна
606 1 _aАнглийский язык
_jУчебные издания для начальной школы
_9972309
_3RU\NLR\auth\6646032
606 1 _aАнглийский язык
_jУчебные издания
_xОбучение в семье
_9971032
_3RU\NLR\auth\6645375
686 _aШ143.21-93рус21[3]
686 _aЧ491.7англ.я7
700 1 _4070
_8rus
_7ca
_aБарашкова
_bЕ. А.
_gЕлена Александровна
_3RU\NLR\auth\7796501
_979427
801 0 _aRU
_bNLR
_c20130621
_gRCR
801 1 _aRU
_bNLR
_c20130621
942 _cBOOK
980 _aNBR